01270nam a2200325Ia 4500001001200000003000800012006001900020007001500039008004100054020001800095040002100113035002100134050002800155100002500183245014500208260005800353300002500411500002000436533015200456630001600608650002900624650002500653650003600678655002900714700001900743700002200762710001700784856012600801999001700927ebr10275694CaPaEBRm u cr cn|||||||||090410s2009 inua s 001 0 eng d z9780470257036 aCaPaEBRcCaPaEBR a(OCoLC)64679621014aQA76.73.S67bT87 2009eb1 aTurley, Paul,d1962-10aBeginning T-SQL with Microsoft SQL Server 2005 and 2008h[electronic resource] /cPaul Turley and Dan Wood ; technical editor, David Norton. aIndianapolis, Ind. :bWiley Publishing, Inc.,cc2009. axxiv, 647 p. :bill. aIncludes index. aElectronic reproduction.bPalo Alto, Calif. :cebrary,d2009.nAvailable via World Wide Web.nAccess may be limited to ebrary affiliated libraries.00aSQL server. 0aClient/server computing. 0aDatabase management. 0aSQL (Computer program language) 7aElectronic books.2local1 aNorton, David.1 aWood, Dan,d1962-2 aebrary, Inc.40uhttp://site.ebrary.com/lib/rucke/Doc?id=10275694zAn electronic book accessible through the World Wide Web; click to view c20844d20844